000 00718nam a22001937a 4500
999 _c143206
_d143206
005 20230417152555.0
010 _aENG-119601
020 _c495.00
_a9788175342064
035 _aEN-103133
037 _bDBAD/PUB
082 _a345.4009
100 _aJois,M. Rama
245 _aLegal and constitutional history of India :
_cby M. Rama Jois
_bancient legal, Judicial and constitutional system /
260 _aGurgaon
_bUniversal Law Publishinan imprint of Lexis Nexis
_c2016
270 _a14th floor,Building No-10, Tower-B,DLF Cyber City Phase-11
_bGurgaon
_e122002
300 _aviii,723p.
_c25cm(pbk)
500 _aIncludes bibliographical references and index
942 _2ddc
_cEN
_mJOI
_h345.4009